[Event "Wch Blitz 7th"]
[Site "Khanty-Mansiysk"]
[Date "2013.06.10"]
[Round "20"]
[White "Grischuk, Alexander"]
[Black "Ponomariov, Ruslan"]
[Result "1-0"]
[WhiteElo "2779"]
[BlackElo "2743"]
[PlyCount "31"]
[EventDate "2013.06.09"]
[EventType "swiss (blitz)"]
[EventRounds "30"]
[EventCountry "RUS"]
[SourceTitle "CBM 154 Extra"]
[Source "ChessBase"]
[SourceDate "2013.06.25"]
[SourceVersion "2"]
[SourceVersionDate "2013.06.25"]
[SourceQuality "1"]

1. e4 e5 2. Nf3 Nc6 3. Nc3 Nf6 4. Be2 Bc5 5. Nxe5 Nxe5 6. d4 Bd6 7. dxe5 Bxe5
8. Nb5 O-O 9. f4 Nxe4 10. Qd5 Bf6 11. Qxe4 Re8 12. Qf3 a6 13. Nc3 Bxc3+ 14.
bxc3 Qe7 15. Bd2 d5 16. O-O 1-0

[Event "Wch Blitz 7th"]
[Site "Khanty-Mansiysk"]
[Date "2013.06.10"]
[Round "21"]
[White "Grischuk, Alexander"]
[Black "Nepomniachtchi, Ian"]
[Result "1-0"]
[WhiteElo "2779"]
[BlackElo "2717"]
[PlyCount "77"]
[EventDate "2013.06.09"]
[EventType "swiss (blitz)"]
[EventRounds "30"]
[EventCountry "RUS"]
[SourceTitle "CBM 154 Extra"]
[Source "ChessBase"]
[SourceDate "2013.06.25"]
[SourceVersion "2"]
[SourceVersionDate "2013.06.25"]
[SourceQuality "1"]

1. d4 Nf6 2. c4 g6 3. f3 d6 4. e4 e5 5. Ne2 c5 6. d5 h5 7. h4 Bh6 8. Bxh6 Rxh6
9. Qd2 Rh8 10. Nbc3 Na6 11. Nc1 Nc7 12. Nd3 Qe7 13. a3 b6 14. b4 Nd7 15. g3 Qf8
16. Bh3 Qh6 17. Qxh6 Rxh6 18. Kd2 Ba6 19. b5 Bc8 20. a4 Ke7 21. a5 bxa5 22.
Bxd7 Kxd7 23. Rxa5 Bb7 24. Rha1 a6 25. Na4 Kd8 26. Naxc5 dxc5 27. Nxc5 Rb8 28.
b6 Na8 29. Nxb7+ Rxb7 30. c5 Nxb6 31. cxb6 g5 32. Rxa6 gxh4 33. gxh4 Rhxb6 34.
Rxb6 Rxb6 35. Ra8+ Ke7 36. Rh8 Rb3 37. Rxh5 Rxf3 38. Rxe5+ Kf8 39. d6 1-0

[Event "Wch Blitz 7th"]
[Site "Khanty-Mansiysk"]
[Date "2013.06.10"]
[Round "22"]
[White "Nepomniachtchi, Ian"]
[Black "Grischuk, Alexander"]
[Result "1-0"]
[WhiteElo "2717"]
[BlackElo "2779"]
[PlyCount "85"]
[EventDate "2013.06.09"]
[EventType "swiss (blitz)"]
[EventRounds "30"]
[EventCountry "RUS"]
[SourceTitle "CBM 154 Extra"]
[Source "ChessBase"]
[SourceDate "2013.06.25"]
[SourceVersion "2"]
[SourceVersionDate "2013.06.25"]
[SourceQuality "1"]

1. e4 d6 2. d4 Nf6 3. Nc3 g6 4. Be3 a6 5. h3 Bg7 6. Bd3 O-O 7. Qd2 Nc6 8. Nf3
e5 9. dxe5 Nxe5 10. Nxe5 dxe5 11. Bh6 Be6 12. O-O-O Nh5 13. g3 Bxh6 14. Qxh6
Qf6 15. Qe3 Rad8 16. Be2 Ng7 17. f4 c6 18. Rdf1 exf4 19. gxf4 Qd4 20. Qg3 b5
21. f5 Bc4 22. Rd1 Qc5 23. Bxc4 Qxc4 24. Rxd8 Rxd8 25. Qc7 Rf8 26. a3 Qc5 27.
Kb1 gxf5 28. exf5 Nxf5 29. Ne4 Qd4 30. Qf4 Re8 31. Qg5+ Kf8 32. Nf6 Re5 33.
Nxh7+ Ke8 34. Nf6+ Kf8 35. Rf1 c5 36. h4 Ne3 37. Nh7+ Ke8 38. Qg8+ Kd7 39.
Rxf7+ Re7 40. Nf6+ Ke6 41. Rg7+ Kf5 42. Rxe7 Kxf6 43. Qg7+ 1-0

[Event "Wch Blitz 7th"]
[Site "Khanty-Mansiysk"]
[Date "2013.06.10"]
[Round "25"]
[White "Grischuk, Alexander"]
[Black "Le, Quang Liem"]
[Result "0-1"]
[WhiteElo "2779"]
[BlackElo "2712"]
[PlyCount "92"]
[EventDate "2013.06.09"]
[EventType "swiss (blitz)"]
[EventRounds "30"]
[EventCountry "RUS"]
[SourceTitle "CBM 154 Extra"]
[Source "ChessBase"]
[SourceDate "2013.06.25"]
[SourceVersion "2"]
[SourceVersionDate "2013.06.25"]
[SourceQuality "1"]

1. e4 c5 2. Ne2 a6 3. Nbc3 d6 4. g3 Nc6 5. Bg2 g6 6. d3 Bg7 7. Be3 Nf6 8. h3
O-O 9. O-O Rb8 10. Qd2 b5 11. f4 Nd7 12. g4 Nd4 13. Ng3 e6 14. Nd1 b4 15. c3
bxc3 16. bxc3 Nc6 17. Rc1 a5 18. Nf2 Ba6 19. g5 a4 20. Ng4 a3 21. Rc2 Rb2 22.
Rfc1 Qb6 23. f5 Rb8 24. f6 Bf8 25. Nf2 Nce5 26. Ne2 Qb5 27. Nf4 Qa4 28. Kh2
Rxc2 29. Rxc2 Rb1 30. Kg3 Qb5 31. c4 Qb4 32. Qc3 Nc6 33. h4 Nd4 34. Qxb4 Rxb4
35. Rd2 Rb2 36. Bf3 Nc2 37. Ng2 Rxa2 38. Bd1 Nb4 39. Bb3 Rb2 40. Ba4 Ne5 41.
Rd1 a2 42. d4 Nxc4 43. dxc5 Nxe3 44. Nxe3 Rb1 45. cxd6 Rxd1 46. Nexd1 Bxd6+ 0-1

[Event "Wch Blitz 7th"]
[Site "Khanty-Mansiysk"]
[Date "2013.06.10"]
[Round "26"]
[White "Le, Quang Liem"]
[Black "Grischuk, Alexander"]
[Result "0-1"]
[WhiteElo "2712"]
[BlackElo "2779"]
[PlyCount "160"]
[EventDate "2013.06.09"]
[EventType "swiss (blitz)"]
[EventRounds "30"]
[EventCountry "RUS"]
[SourceTitle "CBM 154 Extra"]
[Source "ChessBase"]
[SourceDate "2013.06.25"]
[SourceVersion "2"]
[SourceVersionDate "2013.06.25"]
[SourceQuality "1"]

1. d4 Nf6 2. c4 g6 3. g3 c5 4. Nf3 cxd4 5. Nxd4 Bg7 6. Bg2 O-O 7. O-O Nc6 8.
Nc3 Qa5 9. Nb3 Qh5 10. e4 d6 11. Qxh5 Nxh5 12. Rd1 Rd8 13. Bg5 Bg4 14. f3 Be6
15. g4 Bxc3 16. bxc3 Nf6 17. c5 Bxb3 18. axb3 dxc5 19. Bf1 Kf8 20. Kf2 Rxd1 21.
Rxd1 Rd8 22. Ra1 Nd7 23. Bb5 Ndb8 24. Be3 b6 25. Ke2 f6 26. h4 Na5 27. Rb1 Nb7
28. Bd3 Nc6 29. Bc2 Nd6 30. f4 Nb5 31. Bd2 Ncd4+ 32. cxd4 Nxd4+ 33. Kd3 Nxb3+
34. Kc3 Nxd2 35. Ra1 Rd4 36. e5 Ne4+ 37. Kb2 Nf2 38. exf6 exf6 39. Rxa7 Rxf4
40. Rxh7 Rxg4 41. h5 gxh5 42. Rxh5 Rb4+ 43. Kc1 Ne4 44. Rh7 Nd6 45. Rd7 Nc4 46.
Rb7 Ne5 47. Bf5 Rc4+ 48. Kd2 Rd4+ 49. Kc3 Rd6 50. Be4 Ke8 51. Bf5 Kd8 52. Kc2
Nc6 53. Kc3 Nd4 54. Be4 b5 55. Bd3 Rd7 56. Rb6 Kc7 57. Rxf6 Rd6 58. Rf8 Kc6 59.
Rc8+ Kd5 60. Rh8 b4+ 61. Kd2 Nf3+ 62. Ke3 Ne5 63. Rh5 Re6 64. Kd2 c4 65. Bf5
Re7 66. Rh4 Kc5 67. Kc2 Nc6 68. Kc1 Nd4 69. Bg4 b3 70. Kd2 Kb4 71. Rh8 c3+ 72.
Kd3 c2 73. Rc8 Nb5 74. Kd2 Re4 75. Bf5 Rd4+ 76. Ke3 Rc4 77. Rxc4+ Kxc4 78. Kd2
Nd4 79. Bh7 Kb4 80. Bg8 Ne2 0-1

[Event "Wch Blitz 7th"]
[Site "Khanty-Mansiysk"]
[Date "2013.06.10"]
[Round "30"]
[White "Riazantsev, Alexander"]
[Black "Grischuk, Alexander"]
[Result "0-1"]
[WhiteElo "2708"]
[BlackElo "2779"]
[PlyCount "120"]
[EventDate "2013.06.09"]
[EventType "swiss (blitz)"]
[EventRounds "30"]
[EventCountry "RUS"]
[SourceTitle "CBM 154 Extra"]
[Source "ChessBase"]
[SourceDate "2013.06.25"]
[SourceVersion "2"]
[SourceVersionDate "2013.06.25"]
[SourceQuality "1"]

1. d4 d6 2. Nf3 Bg4 3. e4 e6 4. h3 Bh5 5. Qe2 c6 6. Nc3 Nd7 7. g4 Bg6 8. h4 h5
9. g5 Qb6 10. Bh3 O-O-O 11. d5 cxd5 12. exd5 e5 13. O-O Kb8 14. Be3 Qa6 15.
Qxa6 bxa6 16. Nd2 Nb6 17. a4 Bxc2 18. Rfc1 Bd3 19. a5 Nd7 20. Ra3 Ne7 21. Rb3+
Ka8 22. Bf1 Bxf1 23. Kxf1 Rb8 24. Rxb8+ Kxb8 25. Nde4 Nf5 26. Na2 Nc5 27. Bxc5
dxc5 28. Nxc5 Bxc5 29. Rxc5 Rc8 30. b4 Nxh4 31. Nc3 Nf5 32. Ne4 Rd8 33. Kg2 Nd6
34. Nc3 Rc8 35. Kh3 Nb7 36. Rc6 Rxc6 37. dxc6 Nd6 38. Nd5 Nf5 39. Nc3 Kc7 40.
b5 axb5 41. Nxb5+ Kxc6 42. Nxa7+ Kb7 43. Nb5 Ka6 44. Nc3 Kxa5 45. Ne4 Kb6 46.
Nd2 Kc5 47. Kg2 Kd5 48. Kf3 Nd4+ 49. Ke3 f5 50. gxf6 gxf6 51. f4 Nf5+ 52. Kf3
Kd4 53. fxe5 fxe5 54. Nf1 Nh4+ 55. Kg3 Ng6 56. Kf2 h4 57. Kf3 e4+ 58. Kg4 Kd3
59. Nh2 e3 60. Kf3 Ne5+ 0-1

[Event "Beijing FIDE GP"]
[Site "Beijing"]
[Date "2013.07.05"]
[Round "2"]
[White "Grischuk, Alexander"]
[Black "Ivanchuk, Vassily"]
[Result "1/2-1/2"]
[WhiteElo "2780"]
[BlackElo "2733"]
[PlyCount "79"]
[EventDate "2013.07.04"]
[EventType "tourn"]
[EventRounds "11"]
[EventCountry "CHN"]
[EventCategory "21"]
[SourceTitle "CBM 156"]
[Source "ChessBase"]
[SourceDate "2013.09.17"]
[SourceVersion "1"]
[SourceVersionDate "2013.09.17"]
[SourceQuality "1"]

1. e4 c5 2. Nf3 e6 3. d4 cxd4 4. Nxd4 a6 5. Bd3 Nf6 6. O-O Qc7 7. Qe2 d6 8. c4
g6 9. Nc3 Bg7 10. Nf3 O-O 11. Bf4 Nh5 12. Be3 Bxc3 13. bxc3 e5 14. Rfd1 Bg4 15.
h3 Bxf3 16. Qxf3 Nd7 17. Bf1 Rad8 18. Bg5 f6 19. Bh6 Ng7 20. Rd2 Nc5 21. Rad1
Qc6 22. Rd5 Rf7 23. Qe3 Nge6 24. g3 Rfd7 25. Bg2 Na4 26. Qf3 Kf7 27. h4 Ke7 28.
c5 Naxc5 29. h5 Qa4 30. Be3 b6 31. Qg4 Rg8 32. hxg6 hxg6 33. Bf3 Rdd8 34. Kg2
Rh8 35. Qxg6 Rdg8 36. Qf5 Ng7 37. Qg6 Ne8 38. Qf5 Ng7 39. Qg6 Ne8 40. Qf5
1/2-1/2

[Event "Beijing FIDE GP"]
[Site "Beijing"]
[Date "2013.07.10"]
[Round "6"]
[White "Topalov, Veselin"]
[Black "Grischuk, Alexander"]
[Result "1/2-1/2"]
[WhiteElo "2767"]
[BlackElo "2780"]
[PlyCount "97"]
[EventDate "2013.07.04"]
[EventType "tourn"]
[EventRounds "11"]
[EventCountry "CHN"]
[EventCategory "21"]
[SourceTitle "CBM 156"]
[Source "ChessBase"]
[SourceDate "2013.09.17"]
[SourceVersion "1"]
[SourceVersionDate "2013.09.17"]
[SourceQuality "1"]

1. e4 e5 2. Nf3 Nc6 3. Bb5 Nf6 4. O-O Nxe4 5. Re1 Nd6 6. Nxe5 Be7 7. Bf1 Nxe5
8. Rxe5 O-O 9. Nc3 Bf6 10. Re1 Re8 11. Rxe8+ Nxe8 12. Nd5 Bg5 13. c4 c6 14. Nc3
Nf6 15. d4 Bxc1 16. Rxc1 d5 17. Qb3 dxc4 18. Bxc4 Qe7 19. a4 b6 20. d5 cxd5 21.
Nxd5 Nxd5 22. Bxd5 Be6 23. Bxe6 Qxe6 24. Qxe6 fxe6 25. Kf1 Rd8 26. Rc4 Rd2 27.
b4 a6 28. Rc6 Ra2 29. Rxe6 Rxa4 30. Rxb6 a5 31. b5 Rb4 32. g3 a4 33. Kg2 a3 34.
Ra6 Rxb5 35. Rxa3 Kf7 36. Ra2 h5 37. f4 g6 38. Kh3 Kf6 39. Kh4 Rc5 40. Ra7 Rc2
41. Ra6+ Kg7 42. h3 Rc4 43. Re6 Kh6 44. Rf6 Ra4 45. g4 Rxf4 46. Rxf4 g5+ 47.
Kg3 gxf4+ 48. Kxf4 hxg4 49. Kxg4 1/2-1/2

[Event "Beijing FIDE GP"]
[Site "Beijing"]
[Date "2013.07.15"]
[Round "10"]
[White "Gelfand, Boris"]
[Black "Grischuk, Alexander"]
[Result "1-0"]
[WhiteElo "2773"]
[BlackElo "2780"]
[Annotator "Pavlovic,M"]
[PlyCount "123"]
[EventDate "2013.07.04"]
[EventType "tourn"]
[EventRounds "11"]
[EventCountry "CHN"]
[EventCategory "21"]
[SourceTitle "CBM 156"]
[Source "ChessBase"]
[SourceDate "2013.09.17"]
[SourceVersion "1"]
[SourceVersionDate "2013.09.17"]
[SourceQuality "1"]

1. d4 Nf6 2. c4 g6 3. Nc3 Bg7 4. e4 d6 5. Be2 O-O 6. Bg5 Na6 7. Nf3 $5 {
Not the main line in the Averbakh system, but due to recent efforts, the line
is gaining popularity. White is trying to transfer to a Na6 Classical line
with this slightly unusual move order. Certainly interesting we will see in
the future, how the line develops, at the moment it's too early to tell.} h6 (
7... Qe8 8. Nd2 $5 e5 9. d5 c5 10. a3 h6 11. Bh4 Nh7 12. Qa4 Bd7 13. Qb3 Qb8
14. Nb5 f6 15. f3 Ng5 16. Qc2 Nf7 17. O-O Nc7 18. b4 Na6 19. Rab1 b6 20. Bf2
Nd8 21. Be3 Nb7 22. f4 $16 {1-0 (42) Roiz,M (2618)-Kadric,D (2423) Sibenik CRO
2012. Passive play by Black gave White a clear advantage.}) (7... c5 8. d5 Nc7
9. O-O h6 10. Bd2 Rb8 11. a4 $1 (11. a3 e6 12. b4 exd5 13. cxd5 Re8 14. Bd3 c4
15. Bc2 Bg4 $1 (15... Nh5 16. h3 Qf6 17. Nh2 Nf4 18. Qf3 g5 19. Ng4 Qg6 20. Ne3
Be5 $2 21. Nxc4 $18 {1-0 (44) Drenchev,P (2521)-Raeva,E (2297) Plovdiv BUL 2011
}) 16. h3 Bxf3 17. Qxf3 a6 18. a4 Nh7 $132) 11... e6 12. h3 exd5 13. cxd5 Re8
14. Bd3 $14) 8. Be3 (8. Bh4 {not a popular idea but still a logical one} c6 (
8... g5 9. Bg3 Nh5 10. O-O e6 11. Qd2 f5 (11... Nxg3 12. hxg3 c5 13. d5 e5 14.
Nh2 f5 15. exf5 Bxf5 16. Bd3 Qd7 17. Bxf5 Qxf5 18. f3 Qd7 19. Ne4 $16 {1-0 (39)
Echeguren,G (2567)-Haufe,W (2495) CXEB 1999}) 12. exf5 exf5 13. Ne1 g4 14. Nd5
c5 15. Nc2 cxd4 16. Nxd4 f4 $2 (16... Nc5 17. Nb5 Nxg3 18. hxg3 a6 19. Nbc3 Qg5
20. Rad1 Bd7 $14) 17. Nxf4 $1 (17. Nb5 fxg3 18. hxg3 $17 {0-1 (27) Nedobora,M 
(2425)-Smirin,I (2649) Israel ISR 2008}) 17... Qg5 18. h4 $1 gxh3 19. Bxh5 $18)
9. O-O g5 10. Bg3 Nh5 {a flexible approach by Black} 11. d5 (11. Re1 Nxg3 12.
hxg3 Bg4 $6 (12... e6 $1 13. d5 Nc5 $13) 13. Nh2 $1 Bd7 14. Qd2 e6 $14 {
1/2-1/2 (41) Aleksandrov,A (2636)-Czarnota,P (2479) Warsaw POL 2005}) 11...
Nxg3 12. hxg3 e6 13. dxe6 Bxe6 14. Rc1 Qb6 15. Na4 Qa5 16. a3 Nc5 17. Nc3 Bxc3
18. Rxc3 Nxe4 $15 {1/2-1/2 (32) Aleksandrov,A (2617)-Yevseev,D (2534) St
Petersburg RUS 2008}) 8... e5 (8... Ng4 9. Bd2 {This approach is a bit too
optimistic.} (9. Bc1 e5 10. O-O {transposes to the main line}) 9... e5 10. d5
f5 11. exf5 gxf5 12. g3 Nc5 $5 (12... e4 13. Nh4 Nc5 14. Ng2 Qe8 15. O-O Qh5
16. h4 Qe8 17. b4 $14 {1-0 (40) Gareev,T (2570)-Panjwani,R (2310) Pawtucket
USA 2008}) 13. Nh4 f4 14. O-O Qd7 15. b4 (15. Ng2 a5 16. gxf4 e4 17. Qc2 Qf5
18. Bxg4 Qxg4 19. Nxe4 Qg6 20. f3 Bf5 21. Rae1 Rae8 $36) 15... Nxh2 16. bxc5
Qh3 17. Ne4 Bf5 18. Qc2 (18. Nxf5 Rxf5 $19) 18... Bf6 $17) 9. O-O Ng4 (9... Qe8
10. dxe5 dxe5 11. h3 b6 12. a3 Bb7 13. Qc2 Nc5 14. Bxc5 bxc5 15. Nd5 Qd8 16.
Rfd1 c6 17. Nxf6+ Qxf6 18. Rd2 Rfd8 19. Rad1 Qe7 20. Qb3 Rxd2 21. Rxd2 $14 {
1-0 (70) Ponomariov,R (2743)-Mamedov,R (2637) Khanty-Mansiysk RUS 2013}) (9...
c6 10. d5 (10. dxe5 dxe5 11. Nxe5 Nxe4 12. Nxe4 Bxe5 13. Qxd8 Rxd8 14. Bxh6
Bxb2 15. Rad1 Re8 16. Bf3 Be6 17. Nd6 Re7 18. Rfe1 Nc5 $13) 10... Ng4 11. Bd2
f5 12. h3 (12. a3 Nc5 13. exf5 gxf5 14. b4 Nd7 15. h3 Ngf6 16. Nh4 Nxd5 17.
cxd5 Qxh4 18. dxc6 bxc6 19. b5 Bb7 20. bxc6 $1 (20. Be1 Qd4 21. Qb3+ d5 22. Rd1
Qb6 23. a4 a5 24. Qa2 Nf6 $15 {0-1 (58) Bitalzadeh,A (2409)-Jones,R (2388)
Rogaska Slatina SLO 2011}) 20... Bxc6 21. Nb5 $36) 12... Nf6 13. Nh4 $1 Nxe4
14. Nxg6 Nxc3 15. Bxc3 Rf6 16. Bh5 Kh7 17. Nh4 Rf8 18. Bg6+ Kg8 19. dxc6 bxc6
20. Qh5 Qg5 21. Rad1 $16) 10. Bc1 {We have a strange situation here: Black is
with the h6 move a tempo up compared to a regular Na6 Be3 line in the Gligoric
Variation, but still White allows it.} Nf6 (10... c6 11. d5 (11. dxe5 dxe5 12.
h3 Nf6 13. Qxd8 Rxd8 14. Be3 Nh5 15. Rfd1 Re8 16. a3 Nf4 17. Bf1 g5 18. Kh2 Nc7
19. g3 Nfe6 20. b4 Bf6 21. Kg2 h5 22. Be2 Kg7 23. c5 a6 24. Na4 Rb8 25. Nb6 Nb5
26. Bxb5 (26. Nd2 Nc3 27. Re1 Nxe2 28. Rxe2 Nf4+ 29. gxf4 exf4 30. Bxf4 gxf4
31. Rd1 Be6 $13 {0-1 (36) Ponomariov,R (2723)-Grischuk,A (2752) Beijing CHN
2011}) 26... axb5 27. a4 bxa4 28. Rxa4 $14) 11... f5 (11... c5 12. Ne1 h5 13.
h3 Nh6 14. Nd3 (14. Nf3 $5 {obviously wants to have the g5-square in case of ..
.f5, but it looks extravagant} Bd7 15. a3 f6 16. Bd3 Be8 17. Be3 Kh7 18. Qd2 g5
19. Rab1 Qe7 20. Be2 b6 21. Ne1 h4 22. Nd3 Bg6 23. g3 Qd7 24. Kh2 Nc7 $13 {
1-0 (49) Raykin,L (2494)-Plomp,M (2600) ICCF 2009}) 14... f5 15. f4 fxe4 16.
Nxe4 Bf5 17. Bf3 Nf7 18. fxe5 Nxe5 19. Nxe5 Bxe5 20. Bh6 Rf7 21. Qd2 $14) 12.
g3 $1 {that is clearly White's idea} cxd5 13. cxd5 fxe4 (13... f4 14. Nh4 g5
15. Ng6 Rf6 16. Nxf4 Nxh2 17. Nh5 Nxf1 18. Nxf6+ Qxf6 19. Bxf1 $16) 14. Nh4 Nf6
15. Nxg6 Rf7 16. Be3 Qd7 17. Re1 Nb4 18. Nh4 b6 19. a3 Nd3 20. Bxd3 exd3 21.
Qxd3 $16 {1-0 (37) Roiz,M (2617)-Gallagher,J (2507) Legnica POL 2013}) 11. Re1
{Now we have Re1 against Na6, but with the extra h6 move for Black!} c6 (11...
Qe8 $5 12. Bf1 Bg4 13. d5 Nb4 14. Be2 a5 $13 {this appears best to me}) (11...
Nh7 $5 12. Bf1 (12. dxe5 dxe5 13. Be3 Qxd1 14. Rexd1 Bg4 15. a3 c6 16. b4 Rfc8
{[%cal Gh7f8,Gf8e6]}) 12... Bg4 13. d5 f5 $13) 12. Bf1 Bg4 (12... exd4 13. Nxd4
Ng4 (13... Re8 14. f3 Nh7 15. Be3 h5 16. Qd2 Be5 17. Rad1 $14) 14. h3 Qb6 15.
hxg4 {Now Black can't take with the queen, which is considered best} Bxd4 16.
Be3 $14) 13. d5 c5 (13... Nb4 14. Be2 a5 15. Be3 $13) (13... Nh7 14. Be2 Bc8
15. g3 $1 $14) 14. Be2 {Now although h6 is a tempo up here it loses its
strength.} Nh7 15. g3 $1 {Having Nh4 in mind, this is a very important
positional asset for White in such types of position.} Bd7 16. Bd2 Ng5 17. Qc1
Nxf3+ (17... Nh3+ 18. Kg2 Kh7 19. a3 f5 20. exf5 Bxf5 21. Nh4 Qf6 22. f3 $16)
18. Bxf3 Kh7 19. Bg2 f5 20. f4 $1 {Gelfand is really good in handling King's
Indian types of position.} Qf6 21. fxe5 dxe5 22. Rf1 Rf7 23. a3 Raf8 24. Bh3
Qd6 25. exf5 gxf5 26. Qc2 $14 Qg6 27. Rae1 b6 28. Kh1 Qh5 (28... Nc7 29. b4 $1
Ne8 30. bxc5 bxc5 31. Be3 $18) 29. Bg2 Qg6 30. Nd1 $1 Nc7 31. b4 $16 h5 32. Bc3
e4 33. Bxg7 Kxg7 34. bxc5 bxc5 35. Rf4 $1 Ne8 36. Qf2 Nd6 37. Bf1 Rc8 38. Be2
Rf6 39. Rh4 Qe8 40. Qf4 {Between moves 32 and 40 Gelfand really played nicely,
and Black's position simply collapsed.} Rh6 41. Rxh5 Rxh5 42. Bxh5 Qe7 43. g4
Rf8 44. gxf5 Bxf5 45. Rg1+ Kh8 46. Qh6+ Bh7 47. Ne3 Rf6 48. Rg6 Rxg6 49. Bxg6
Qg7 50. Qxg7+ Kxg7 51. Bxh7 Kxh7 52. Kg2 Kg6 53. Kg3 Kg5 54. h3 Nf7 55. h4+ Kh5
56. Nf5 Ne5 57. d6 Kg6 58. Kf4 Kf6 59. h5 Ke6 60. h6 e3 61. Nxe3 Kxd6 62. Kf5
1-0

[Event "Beijing FIDE GP"]
[Site "Beijing"]
[Date "2013.07.16"]
[Round "11"]
[White "Grischuk, Alexander"]
[Black "Leko, Peter"]
[Result "1/2-1/2"]
[WhiteElo "2780"]
[BlackElo "2737"]
[PlyCount "37"]
[EventDate "2013.07.04"]
[EventType "tourn"]
[EventRounds "11"]
[EventCountry "CHN"]
[EventCategory "21"]
[SourceTitle "CBM 156"]
[Source "ChessBase"]
[SourceDate "2013.09.17"]
[SourceVersion "1"]
[SourceVersionDate "2013.09.17"]
[SourceQuality "1"]

1. d4 Nf6 2. c4 e6 3. Nf3 d5 4. Nc3 Bb4 5. cxd5 exd5 6. Bg5 h6 7. Bh4 c5 8. e3
c4 9. Be2 g5 10. Bg3 Nc6 11. Nd2 Bf5 12. O-O O-O 13. f4 Bxc3 14. bxc3 Ne4 15.
Nxe4 Bxe4 16. Bf3 Bd3 17. Be2 Be4 18. Bf3 Bd3 19. Be2 1/2-1/2

[Event "FIDE World Cup"]
[Site "Tromsoe"]
[Date "2013.08.14"]
[Round "2.1"]
[White "Grischuk, Alexander"]
[Black "Swiercz, Dariusz"]
[Result "1-0"]
[WhiteElo "2785"]
[BlackElo "2654"]
[Annotator "CB"]
[PlyCount "59"]
[EventDate "2013.08.11"]
[EventType "k.o."]
[EventRounds "7"]
[EventCountry "NOR"]
[SourceTitle "CBM 156"]
[Source "ChessBase"]
[SourceDate "2013.09.17"]
[SourceVersion "1"]
[SourceVersionDate "2013.09.17"]
[SourceQuality "1"]

1. e4 c5 2. Nf3 d6 3. d4 cxd4 4. Nxd4 Nf6 5. Nc3 a6 6. Be3 e5 7. Nb3 Be6 8. h3
Be7 9. f4 exf4 10. Bxf4 Nc6 11. Qe2 O-O (11... Ne5 12. O-O-O Qc7 13. g4 Rc8 14.
g5 Nfd7 15. Nd5 Bxd5 16. exd5 Qc4 17. Qxc4 Nxc4 18. h4 Nce5 19. Nd4 g6 20. Bh3
Rc5 21. Kb1 Kd8 22. h5 Re8 23. Bg2 Bf8 24. hxg6 hxg6 25. Rh7 Rc7 26. b3 Nc5 27.
Rdh1 Rce7 28. R1h4 Ned7 29. Kb2 Ne5 30. a3 Rc7 31. Ka2 Ncd7 32. Bd2 Kc8 33. Ba5
Rc5 34. Bb4 Rc7 35. Rh8 Rd8 36. Ba5 Rc5 37. Bxd8 Kxd8 38. c4 Ke7 39. R4h7 Rc8
40. Bh3 Re8 41. Bxd7 Nxd7 42. Ne6 Ne5 43. Nxf8 Rxf8 44. Rxf8 Kxf8 45. Rh8+ Kg7
46. Rb8 Nf3 47. c5 {1-0 (47) Nepomniachtchi,I (2717)-Dvoirys,S (2533)
Yekaterinburg 2013}) 12. O-O-O Ne8 13. Kb1 Bf6 14. Qe3 Rc8 15. g4 Be5 16. Bxe5
(16. Be2 Bxf4 17. Qxf4 Qb6 18. h4 Ne5 19. h5 a5 20. h6 g6 21. Nd5 Bxd5 22. Rxd5
a4 23. Nd4 Nc7 24. Qf6 Ne8 25. Qf2 Rc5 26. Rf1 Nc7 27. Qf6 Ne8 28. Qe7 a3 29.
b3 Rc7 30. Qg5 Rc5 31. Nb5 Rxb5 32. Bxb5 Nc7 33. Qf6 Ne8 {1-0 (33) Novikov,S 
(2556)-Georgiadis,I (2413) Dresden 2007}) 16... Nxe5 17. g5 b5 18. h4 Qc7 19.
Nd4 Qc5 20. Qf4 Nc7 21. h5 b4 22. Na4 Qa5 23. b3 (23. h6 g6 24. b3 (24. Qf6 $2
Ne8) 24... Bd7 $11) 23... Bd7 (23... Bg4 24. Rd2 Ne6 $11 25. Nxe6 fxe6 26. Qe3
Nf3 27. Rxd6 $2 Qc7 $19) 24. h6 Ne6 $2 (24... g6 $11) 25. Qd2 $16 g6 (25...
Nxd4 26. hxg7 Kxg7 27. Qh2 Rh8 28. Rxd4 $16) 26. Nxe6 Bxe6 27. Bh3 (27. Qf4 $16
) 27... Nf3 28. Qf4 Nxg5 $2 {Übersieht die weiße Antwort.} (28... Bxh3 29.
Qxf3 Be6 30. Qf6 Qe5 31. Rxd6 Qxf6 32. gxf6 Rfe8 $16) 29. Rd5 Bxd5 30. Qf6 (30.
Qf6 Ne6 31. Bxe6 $18) 1-0

[Event "Moscow-ch blitz 67th"]
[Site "Moscow"]
[Date "2013.09.01"]
[Round "3"]
[White "Savchenko, Boris"]
[Black "Grischuk, Alexander"]
[Result "0-1"]
[WhiteElo "2602"]
[BlackElo "2785"]
[PlyCount "72"]
[EventDate "2013.09.01"]
[EventType "tourn (blitz)"]
[EventRounds "19"]
[EventCountry "RUS"]
[EventCategory "15"]
[SourceTitle "CBM 156 Extra"]
[Source "ChessBase"]
[SourceDate "2013.10.22"]
[SourceVersion "1"]
[SourceVersionDate "2013.10.22"]
[SourceQuality "1"]

1. e4 c5 2. Nf3 d6 3. d4 cxd4 4. Nxd4 Nf6 5. Nc3 a6 6. Bg5 Nbd7 7. Bc4 Qb6 8.
Bb3 e6 9. Qd2 Be7 10. O-O-O Nc5 11. Rhe1 Qc7 12. f4 h6 13. Bh4 O-O 14. e5 dxe5
15. fxe5 Nfe4 16. Rxe4 Nxe4 17. Nxe4 Bxh4 18. Qf4 Be7 19. Rf1 Kh8 20. Qg3 f5
21. Nd6 f4 22. Qg6 Bxd6 23. c3 Qf7 24. Qxf7 Rxf7 25. exd6 Rf6 26. Nf3 Bd7 27.
Ne5 Rd8 28. h4 h5 29. Rd1 Kh7 30. Rd4 b5 31. Bd1 g6 32. Bf3 Rf5 33. Nd3 e5 34.
Rd5 e4 35. Bxe4 Rxd5 36. Bxd5 Bf5 0-1